Rudyard Kipling selected poems (Record no. 233189)
[ view plain ]
| 000 -LEADER | |
|---|---|
| fixed length control field | 01109cam a2200265 a 4500 |
| 001 - CONTROL NUMBER | |
| control field | 14894330 |
| 003 - CONTROL NUMBER IDENTIFIER | |
| control field | Nust |
| 005 - DATE AND TIME OF LATEST TRANSACTION | |
| control field | 20170304164843.0 |
| 008 - FIXED-LENGTH DATA ELEMENTS--GENERAL INFORMATION | |
| fixed length control field | 070618s1931 enk 000 0 eng |
| 010 ## - LIBRARY OF CONGRESS CONTROL NUMBER | |
| LC control number | 2007577581 |
| 020 ## - INTERNATIONAL STANDARD BOOK NUMBER | |
| International Standard Book Number | 9780753817476 |
| 040 ## - CATALOGING SOURCE | |
| Original cataloging agency | DLC |
| Transcribing agency | DLC |
| 050 00 - LIBRARY OF CONGRESS CALL NUMBER | |
| Classification number | PR4852 |
| Item number | 1931 |
| 051 ## - LIBRARY OF CONGRESS COPY, ISSUE, OFFPRINT STATEMENT | |
| Classification number | PR4852 |
| Item number | 1931 Copy 2 |
| Copy information | With bookplate of J.W. Privett. Part of the gift of Mrs. H. Dunscombe Colt, 1984-1987. |
| 051 ## - LIBRARY OF CONGRESS COPY, ISSUE, OFFPRINT STATEMENT | |
| Classification number | PR4852 |
| Item number | 1931 Copy 3 |
| Copy information | Gift of Rear Admiral Lloyd H. Chandler, U.S.N., Jan. 4, 1937. |
| 082 ## - DEWEY DECIMAL CLASSIFICATION NUMBER | |
| Classification number | 821.8 |
| Author Mark | KIP |
| 100 1# - MAIN ENTRY--PERSONAL NAME | |
| Personal name | Kipling, Rudyard, |
| Dates associated with a name | 1865-1936. |
| 240 10 - UNIFORM TITLE | |
| Uniform title | Poems. |
| Form subheading | Selections |
| 245 10 - TITLE STATEMENT | |
| Title | Rudyard Kipling selected poems |
| 260 ## - PUBLICATION, DISTRIBUTION, ETC. | |
| Place of publication, distribution, etc. | London : |
| Name of publisher, distributor, etc. | Methuen, |
| Date of publication, distribution, etc. | 1931. |
| 300 ## - PHYSICAL DESCRIPTION | |
| Extent | vii, 143 p. ; |
| Dimensions | 17 cm. |
| 510 4# - CITATION/REFERENCES NOTE | |
| Name of source | Stewart, J.M. Kipling, |
| Location within source | 581 |
| 510 4# - CITATION/REFERENCES NOTE | |
| Name of source | Livingston, F.V.M. Kipling, |
| Location within source | 563 |
| 561 ## - OWNERSHIP AND CUSTODIAL HISTORY | |
| Institution to which field applies | DLC |
| 710 2# - ADDED ENTRY--CORPORATE NAME | |
| Corporate name or jurisdiction name as entry element | Colt Kipling Collection (Library of Congress) |
| Institution to which field applies | DLC |
| 710 2# - ADDED ENTRY--CORPORATE NAME | |
| Corporate name or jurisdiction name as entry element | Chandler Kipling Collection (Library of Congress) |
| Institution to which field applies | DLC |
| 906 ## - LOCAL DATA ELEMENT F, LDF (RLIN) | |
| a | 7 |
| b | cbc |
| c | orignew |
| d | 2 |
| e | ncip |
| f | 20 |
| g | y-genrareb |
| 942 ## - ADDED ENTRY ELEMENTS (KOHA) | |
| Source of classification or shelving scheme | |
| Koha item type | Book |
| Withdrawn status | Lost status | Source of classification or shelving scheme | Damaged status | Not for loan | Permanent Location | Current Location | Shelving location | Date acquired | Total Checkouts | Full call number | Barcode | Checked out | Date last seen | Date last checked out | Copy number | Price effective from | Koha item type |
|---|---|---|---|---|---|---|---|---|---|---|---|---|---|---|---|---|---|
| Central Library (CL) | Central Library (CL) | Fiction | 03/04/2017 | 3 | 821.8 KIP | CL1447 | 03/03/2020 | 02/02/2020 | 02/02/2020 | 1 | 03/04/2017 | Book |
